| 000 | 00534nam a2200145 a 4500 | ||
|---|---|---|---|
| 008 | 120416s1980 ||||||||||||||||| || u | ||
| 050 | _aZ 673 Sta | ||
| 100 | _aBonde, K | ||
| 245 | 1 | 0 |
_aBook promotion and sharing of resources in Africa _cedited by K. Bonde |
| 246 | _aSCECSAL | ||
| 260 |
_aMaseru _bLesotho Library Association _c1980 |
||
| 300 | _axii, 140p. | ||
| 350 | _a0.00 | ||
| 995 |
_D0.00 _FCBU-MAIN LIBRARY (Kitwe) _H1 _I0.00 _M1 _UAVAILABLE _ZAnnex Low-Usage Collection |
||
| 999 |
_c36033 _d36033 |
||